| 000 | 00975nac a22002531u 4500 | ||
|---|---|---|---|
| 010 | _a 2006040785 | ||
| 020 | _a0131972596 (pbk.) | ||
| 020 | _a9780131972599 | ||
| 035 | _a(OCoLC)ocm70060447 | ||
| 082 | 0 | 0 |
_a004.35 _bTAU |
| 090 |
_c5831 _d5831 |
||
| 100 | _aTaubenfeld, Gadi. | ||
| 245 | 1 | 0 |
_aSynchronization algorithms and concurrent programming / _cGadi Taubenfeld. |
| 260 |
_aHarlow, Eng. ; _aNew York : _bPearson/Prentice Hall,2006 _c2006. |
||
| 300 |
_axv, 423 p. : _bill. ; _c24 cm. |
||
| 500 | _adistributer: Al-Ahram | ||
| 504 | _aIncludes bibliographical references (p. 373-415) and index. | ||
| 511 | _acatalogued by: wessam | ||
| 650 | 0 |
_aElectronic data processing _xDistributed processing. |
|
| 650 | 0 | _aParallel programming (Computer science) | |
| 650 | 0 | _aComputer algorithms. | |
| 942 |
_cBB _k004.35TAU |
||
| 999 |
_c5831 _d5831 |
||